Mechanics, wave motion, and heat
Kaydedildi:
| Yazar: | |
|---|---|
| Materyal Türü: | Kitap |
| Dil: | İngilizce |
| Baskı/Yayın Bilgisi: |
Reading
Addison-Wesley
1958
|
| Seri Bilgileri: | Addison-Wesley Physics Series
|
| Konular: | |
| Etiketler: |
Etiketle
Etiket eklenmemiş, İlk siz ekleyin!
|
MARC
| LEADER | 00000nam a2200000 a 4500 | ||
|---|---|---|---|
| 001 | UCT2036 | ||
| 003 | CL-VaPUC | ||
| 008 | 961004e19580000US |||||||||||||||||eng|d | ||
| 082 | 0 | 4 | |a 531 |b SEA |2 21 |
| 100 | 0 | |a Sears, Francis Weston |e author |9 371111 | |
| 245 | 1 | 0 | |a Mechanics, wave motion, and heat |
| 300 | |a 664 p | ||
| 942 | |c BK | ||
| 945 | |d 19961004 00:00:00 |a paguirre | ||
| 260 | |a Reading |b Addison-Wesley |c 1958 | ||
| 650 | 0 | |a Mecánica |9 260096 | |
| 650 | 0 | |a Ondas sonoras |9 322250 | |
| 650 | 0 | |a Calor específico |9 259409 | |
| 650 | 7 | |a FUERZAS |2 CL-VaPUC |9 360776 | |
| 650 | 0 | |a Movimiento |9 322237 | |
| 650 | 0 | |a Energía |9 259431 | |
| 650 | 0 | |a Torsión |9 266757 | |
| 650 | 7 | |a ELASTICIDAD |2 CL-VaPUC |9 266503 | |
| 650 | 7 | |a TEMPERATURA |2 CL-VaPUC |9 371112 | |
| 650 | 0 | |a Termodinámica |9 259320 | |
| 650 | 0 | |a Cinética |9 260943 | |
| 650 | 0 | |a Gases |9 260945 | |
| 650 | 0 | |a Estados de la Materia |9 347141 | |
| 583 | |a last modification |c 19961004 00:00:00 |k Rodrigo Vera | ||
| 490 | 0 | |a Addison-Wesley Physics Series | |
| 999 | |c 252327 |d 252325 | ||